Системы связи и оповещения: учебное пособие

Bibliographic Details
Corporate Author: Национальный исследовательский Томский политехнический университет (ТПУ) Институт неразрушающего контроля (ИНК) Кафедра экологии и безопасности жизнедеятельности (ЭБЖ)
Other Authors: Романцов И. И. Игорь Иванович (составитель), Сечин А. И. Александр Иванович, Гусельников М. Э. Михаил Эдуардович
Summary:Заглавие с титульного экрана
Электронная версия печатной публикации
В учебном пособии, составленном в соответствии с программой курса, в концентрированном виде изложены важнейшие нормативно-правовые положения и справочные сведения о средствах связи, их назначение и характеристика. Даны рекомендации по организации связи при проведении аварийно-спасательных и других неотложных работ, а также по планированию организации связи и оповещению населения при возникновении ЧС. Пособие подготовлено на кафедре экологии и безопасности жизнедеятельности и предназначено для студентов, обучающихся по направлению 20.03.01 «Техносферная безопасность».
Режим доступа: из корпоративной сети ТПУ
Language:Russian
Published: Томск, Изд-во ТПУ, 2016
Subjects:
Online Access:http://www.lib.tpu.ru/fulltext2/m/2017/m080.pdf
Format: Electronic Book
KOHA link:https://koha.lib.tpu.ru/cgi-bin/koha/opac-detail.pl?biblionumber=336802

MARC

LEADER 00000nlm0a2200000 4500
001 336802
005 20240214105505.0
035 |a (RuTPU)RU\TPU\book\363263 
090 |a 336802 
100 |a 20171025d2016 m y0rusy50 ca 
101 0 |a rus 
102 |a RU 
105 |a a j 001zy 
135 |a drcn ---uucaa 
181 0 |a i  
182 0 |a b 
200 1 |a Системы связи и оповещения  |e учебное пособие  |f Национальный исследовательский Томский политехнический университет (ТПУ) ; сост. И. И. Романцов ; А. И. Сечин ; М. Э. Гусельников 
203 |a Текст  |c электронный 
210 |a Томск  |c Изд-во ТПУ  |d 2016 
300 |a Заглавие с титульного экрана 
300 |a Электронная версия печатной публикации 
330 |a В учебном пособии, составленном в соответствии с программой курса, в концентрированном виде изложены важнейшие нормативно-правовые положения и справочные сведения о средствах связи, их назначение и характеристика. Даны рекомендации по организации связи при проведении аварийно-спасательных и других неотложных работ, а также по планированию организации связи и оповещению населения при возникновении ЧС. Пособие подготовлено на кафедре экологии и безопасности жизнедеятельности и предназначено для студентов, обучающихся по направлению 20.03.01 «Техносферная безопасность». 
333 |a Режим доступа: из корпоративной сети ТПУ 
606 1 |a Безопасность жизнедеятельности в техносфере  |2 stltpush  |3 (RuTPU)RU\TPU\subj\28155  |9 51745 
610 1 |a электронный ресурс 
610 1 |a учебные пособия 
610 1 |a труды учёных ТПУ 
610 1 |a нормативно-правовое положение 
610 1 |a справочные сведения 
610 1 |a средства связи 
610 1 |a назначение 
610 1 |a характеристики 
610 1 |a аварийно-спасательные работы 
610 1 |a неотложные работы 
610 1 |a планирование 
610 1 |a чрезвычайные ситуации 
675 |a 658.345(075.8)  |v 3 
702 1 |a Романцов  |b И. И.  |c специалист в области экологии и безопасности жизнедеятельности  |c доцент Томского политехнического университета, кандидат технических наук  |f 1967-  |g Игорь Иванович  |3 (RuTPU)RU\TPU\pers\32975  |4 220  |9 16820 
702 1 |a Сечин  |b А. И.  |c специалист в области экологии и безопасности жизнедеятельности  |c профессор Томского политехнического университета, доктор технических наук  |f 1950-  |g Александр Иванович  |3 (RuTPU)RU\TPU\pers\26051  |4 220  |9 11890 
702 1 |a Гусельников  |b М. Э.  |c специалист в области экологии и безопасности жизнедеятельности  |c доцент Томского политехнического университета, кандидат технических наук  |f 1959-  |g Михаил Эдуардович  |3 (RuTPU)RU\TPU\pers\26049  |4 220 
712 0 2 |a Национальный исследовательский Томский политехнический университет (ТПУ)  |b Институт неразрушающего контроля (ИНК)  |b Кафедра экологии и безопасности жизнедеятельности (ЭБЖ)  |3 (RuTPU)RU\TPU\col\18720 
801 1 |a RU  |b 63413507  |c 20140908 
801 2 |a RU  |b 63413507  |c 20180111  |g RCR 
856 4 |u http://www.lib.tpu.ru/fulltext2/m/2017/m080.pdf 
942 |c CF